Pozícia kúpeľníctva v súčasných spoločensko-ekonomických podmienkach a perspektívy jeho rozvoja zborník z vedeckej konferencie k výskumnému projektu VEGA 1/1229/04

Gespeichert in:
Bibliographische Detailangaben
Körperschaften: Pozícia kúpeľníctva v súčasných spoločensko-ekonomických podmienkach a perspektívy jeho rozvoja. Vedecká konferencia, Ekonomická univerzita v Bratislave. Obchodná fakulta
Weitere Verfasser: Eliašová, Darina
Format: Buch
Sprache:Slowakisch
Veröffentlicht: Bratislava Vydavateľstvo EKONÓM 2006
Schlagworte:
Tags: Tag hinzufügen
Keine Tags, Fügen Sie das erste Tag hinzu!

MARC

LEADER 00000nam$a2200000$$$4500
001 0049118
005 20240502071551.1
020 |a 80-225-2234-1 
041 0 |a slo 
044 |a SK 
245 1 0 |a Pozícia kúpeľníctva v súčasných spoločensko-ekonomických podmienkach a perspektívy jeho rozvoja  |b zborník z vedeckej konferencie k výskumnému projektu VEGA 1/1229/04  |c editorka: Darina Eliašová 
264 1 |a Bratislava  |b Vydavateľstvo EKONÓM  |c 2006 
300 |a 130 s. 
610 2 0 |a kúpeľníctvo 
610 2 0 |a ruch cestovný 
610 2 0 |a Slovensko 
610 2 0 |a stravovanie spoločné 
610 2 0 |a pohostinstvo 
610 2 0 |a liečenie kúpeľné 
610 2 0 |a Francúzsko 
700 1 |a Eliašová, Darina 
110 2 |a Pozícia kúpeľníctva v súčasných spoločensko-ekonomických podmienkach a perspektívy jeho rozvoja. Vedecká konferencia 
710 2 |a Ekonomická univerzita v Bratislave. Obchodná fakulta